Le sujet ou du nom propre

Gespeichert in:
Bibliographische Detailangaben
1. Verfasser: Lemelin, Jean Marc
Format: Buch
Sprache:Undetermined
Veröffentlicht: Canada Trityque 1996
Schlagworte:
Tags: Tag hinzufügen
Keine Tags, Fügen Sie den ersten Tag hinzu!
Thư viện lưu trữ: Trung tâm Học liệu Trường Đại học Cần Thơ
LEADER 00485nam a2200181Ia 4500
001 CTU_41674
008 210402s9999 xx 000 0 und d
082 |a 155.2 
082 |b L551 
100 |a Lemelin, Jean Marc 
245 0 |a Le sujet ou du nom propre 
245 0 |c Jean Marc Lemelin 
260 |a Canada 
260 |b Trityque 
260 |c 1996 
650 |a Psychology 
904 |i Nguyễn Quang Điền, 010604 
980 |a Trung tâm Học liệu Trường Đại học Cần Thơ